00682 2200229 4500001002100000005001700021008004100038020001800079035002400097043001300121082001100134090002100145245010600166250001100272260003100283300002800314504003100342650001600373700002000389700002200409999002100431YOGYA-0411000000164020110419110728.0 ind  a979-497-431-5 0010-041100000001640 aYOPDBPAD a070.17 a070.17bBaglDEP aBAGAIMANA meliput dan menulis berita untuk media massacAshadi Siregar ; penyunting, Rondang Pasaribu aCet. 1 aYogyakartabKanisiusc1998 a238 hlm.bilus.c21 cm. aBibliografi : hlm. 237-238 aMedia massa aSiregar, Ashadi aPasaribu, Rondang a1998-239 CB-D.11